Facies and sedimentation of the menilite formation (lower oligocene), Skole Nappe, Polish Outer Carpathians
Elmentve itt :
| Szerző: | |
|---|---|
| Testületi szerző: | |
| Dokumentumtípus: | Cikk |
| Megjelent: |
Department of Mineralogy, Geochemistry and Petrology, University of Szeged
Szeged
2014
|
| Sorozat: | Acta mineralogica-petrographica
8 Acta mineralogica-petrographica : abstract series 8 |
| Kulcsszavak: | Üledéktan - Kárpátok - előadáskivonat, Földtan - előadáskivonat |
| Tárgyszavak: | |
| Online Access: | http://acta.bibl.u-szeged.hu/44256 |
| LEADER | 01074nab a2200229 i 4500 | ||
|---|---|---|---|
| 001 | acta44256 | ||
| 005 | 20260212142152.0 | ||
| 008 | 170327s2014 hu o 000 eng d | ||
| 022 | |a 0324-6523, 1589-4835 | ||
| 040 | |a SZTE Egyetemi Kiadványok Repozitórium |b hun | ||
| 041 | |a eng | ||
| 100 | 1 | |a Romański Marcin | |
| 245 | 1 | 0 | |a Facies and sedimentation of the menilite formation (lower oligocene), Skole Nappe, Polish Outer Carpathians |h [elektronikus dokumentum] / |c Romański Marcin |
| 260 | |a Department of Mineralogy, Geochemistry and Petrology, University of Szeged |b Szeged |c 2014 | ||
| 300 | |a 109 | ||
| 490 | 0 | |a Acta mineralogica-petrographica |v 8 | |
| 490 | 0 | |a Acta mineralogica-petrographica : abstract series |v 8 | |
| 650 | 4 | |a Természettudományok | |
| 650 | 4 | |a Föld- és kapcsolódó környezettudományok | |
| 695 | |a Üledéktan - Kárpátok - előadáskivonat, Földtan - előadáskivonat | ||
| 710 | |a International Students Geological Conference (5.) (2014) (Budapest) | ||
| 856 | 4 | 0 | |u http://acta.bibl.u-szeged.hu/44256/1/mineralogica_as_008_109.pdf |z Dokumentum-elérés |